Ο μεταψυχροπολεμικός ανταγωνισμός των εξοπλισμών Ελλάδας και Τουρκίας : πτυχιακή εργασία

Αποθηκεύτηκε σε:
Λεπτομέρειες βιβλιογραφικής εγγραφής
Κύριος συγγραφέας: Μπαγιαρτάκης, Γεώργιος Α.
Συγγραφή απο Οργανισμό/Αρχή: Πανεπιστήμιο Αιγαίου. Σχολή Ανθρωπιστικών Σπουδών. Τμήμα Μεσογειακών Σπουδών
Άλλοι συγγραφείς: Σεϊμένης, Γιάννης (Εισηγητής διατριβής)
Μορφή: Thesis Βιβλίο
Γλώσσα:Greek
Δημοσίευση: Ρόδος : Πανεπιστήμιο Αιγαίου, Τμήμα Μεσογειακών Σπουδών, 2005.
Θέματα:
Ετικέτες: Προσθήκη ετικέτας
Δεν υπάρχουν, Καταχωρήστε ετικέτα πρώτοι!

MARC

LEADER 00000cam a2200000 i 4500
001 1/75513
008 050415s2005 gre d
035 |l 10077723 
040 |a GR-MY-UA  |b gre  |e aacr 
041 0 |a gre 
082 7 |a 355.0335   |2 (21) 
100 1 |a Μπαγιαρτάκης, Γεώργιος Α. 
245 1 2 |a Ο μεταψυχροπολεμικός ανταγωνισμός των εξοπλισμών Ελλάδας και Τουρκίας :   |b πτυχιακή εργασία /   |c συντελεστής: Γεώργιος Α. Μπαγιαρτάκης ; επόπτης καθηγητής: Ι. Σεϊμένης.  
260 |a Ρόδος :   |b Πανεπιστήμιο Αιγαίου, Τμήμα Μεσογειακών Σπουδών,   |c 2005.  
300 |a 57 σ. ;   |c 30 εκ. 
502 |a Πτυχιακή εργασία – Πανεπιστήμιο Αιγαίου, Ρόδος, 2005. 
504 |a Περιέχει βιβλιογραφικές αναφορές.  
610 2 0 |a University of the Aegean  |x Dissertations. 
650 0 0 |a National security  |z Greece. 
650 0 0 |a National security  |z Turkey. 
650 0 0 |a Dissertations, Academic  |z Greece. 
651 0 |a Greece  |x Relations  |z Turkey. 
651 0 |a Turkey  |x Relations  |z Greece. 
700 1 |a Σεϊμένης, Γιάννης.  |4 ths 
710 2 |a Πανεπιστήμιο Αιγαίου.   |b Σχολή Ανθρωπιστικών Σπουδών.   |b Τμήμα Μεσογειακών Σπουδών. 
852 |a INST  |b RHODES  |c DIATR  |e 20050415  |h 355.0335 ΜΠΑ  |p 005400023545  |q 005400023545  |t DIE  |y 23 
852 |a INST  |b RHODES  |c DIATR  |e 20050415  |h 355.0335 ΜΠΑ  |p 005400023546  |q 005400023546  |t DIE  |y 23 
901 |a BIBL4-2005-2 
909 |a Ρ  |b 110625 
924 |a ΜΠΑΓΙΑΡΤΑΚΗΣ  |b ΓΕΩΡΓΙΟΣ Α.  |y Ρόδος  |z 2005-04 
970 |a ΚΟΖΑ  |b ΜΑΡΙΑ  |z 2005/04/15